书目信息 |
| 题名: |
会计学
|
|
| 作者: | 张德存 , 马丽莹 主编 ;李振艺 , 田慧芬 , 矫丽会 副主编 | |
| 分册: | ||
| 出版信息: | 北京 北京大学出版社 2008.08 |
|
| 页数: | 448页 | |
| 开本: | 25cm | |
| 丛书名: | 21世纪全国应用型本科财经管理系列实用规划教材 | |
| 单 册: | ||
| 中图分类: | F230 | |
| 科图分类: | ||
| 主题词: | 会计学--hui ji xue--高等学校--教材 | |
| 电子资源: | ||
| ISBN: | 978-7-81117-533-2 | |
| 000 | 01272nam0 2200301 450 | |
| 001 | 01CN04130194@CSLN | |
| 005 | 20100526111102.67 | |
| 010 | @a978-7-81117-533-2@dCNY44.00 | |
| 100 | @a20100515d2008 em y0chiy50 ea | |
| 101 | 0 | @achi |
| 102 | @aCN@b110000 | |
| 105 | @ay a 000yy | |
| 200 | 1 | @a会计学@Akuai ji xue@f马丽莹,张德存主编@g李振艺, 田慧芬, 矫丽会副主编@Gli zhen yi,tian hui fen,jiao li hui fu zhu bian |
| 210 | @a北京@c北京大学出版社@c中国农业大学出版社@d2008.08 | |
| 215 | @a448页@d25cm | |
| 225 | 2 | @a21世纪全国应用型本科财经管理系列实用规划教材@A21 shi ji quan guo ying yong xing ben ke cai jing guan li xi lie shi yong gui hua jiao cai |
| 320 | @a有书目 | |
| 330 | @a本书包括会计的基本理论和基本方法、会计要素核算和财务会计报表的阅读分析,以及管理会计的基本知识,突出内容全面、体系完整、结合实际、注重应用和通俗易懂的特点。 | |
| 410 | 0 | @12001 @a21世纪全国应用型本科财经管理系列实用规划教材 |
| 606 | 0 | @a会计学@Ahui ji xue@x高等学校@x教材 |
| 690 | @aF230@v4 | |
| 701 | 0 | @a张德存@Azhang de cun@4主编 |
| 701 | 0 | @a马丽莹@Ama li ying@4主编 |
| 702 | 0 | @a李振艺@Ali zhen yi@4副主编 |
| 702 | 0 | @a田慧芬@Atian hui fen@4副主编 |
| 702 | 0 | @a矫丽会@Ajiao li hui@4副主编 |
| 801 | 0 | @c20100515 |
| 905 | @dF230@eM091@f3 | |
| 会计学/马丽莹,张德存主编/李振艺, 田慧芬, 矫丽会副主编.-北京:北京大学出版社:中国农业大学出版社,2008.08 |
| 448页;25cm.-(21世纪全国应用型本科财经管理系列实用规划教材) |
| ISBN 978-7-81117-533-2:CNY44.00 |
| 本书包括会计的基本理论和基本方法、会计要素核算和财务会计报表的阅读分析,以及管理会计的基本知识,突出内容全面、体系完整、结合实际、注重应用和通俗易懂的特点。 |
| ● |
| 相关链接 |
|
|
|
正题名:会计学
索取号:F230/M091
 
预约/预借
| 序号 | 登录号 | 条形码 | 馆藏地/架位号 | 状态 | 备注 |
| 1 | 983442 | 209834429 | 社科二线422/422社科库 25排1列1层/ [索取号:F230/M091] | 在馆 | |
| 2 | 983443 | 209834438 | 社科库409/409社科库 75排2列1层/ [索取号:F230/M091] | 在馆 | |
| 3 | 983444 | 209834447 | 社科二线422/422社科库 1排1列1层/ [索取号:F230/M091] | 在馆 |